01355nac a22003737a 4500001001300000003000900013005001700022008003400039040005400073072000800127090002100135100002000156100001800176100002000194100001800214100002100232100001900253100002100272100001500293100001800308110004600326245014100372260003800513300001000551490006200561500005400623650001900677650001800696650003400714909004700748942001700795999001900812952015000831BR2015002848BR-BrBNA20240105124021.0230509b bl.|||m| |||| 00| 0 por d aBR-BrBNAbporcBiblioteca Nacional de Agricultura aE16 aE16 BR20150028481 aOliveira, P. de1 aFreitas, R.J.1 aKluthcouski, J.1 aRibeiro, A.A.1 aCordeiro, L.A.M.1 aTeixeira, L.P.1 aMelo, R.A. de C.1 aVilela, L.1 aBalbino, L.C.1 aEMBRAPA Cerrados, Planaltina, DF (Brasil)1 aEvolução de sistemas de integração lavoura- pecuária- floresta (iLPF): estudo de caso da Fazenda Santa Brígida, Ipameri, GO 3 aPlanaltina, DF (Brasil): c2013.  a50 p. aDocumentos- EMBRAPA Cerrados (Brazil)vno. 318x1517-5111 aSummaries (En, Pt); 20 illus.; 8 tables.; 19 ref. aINTEGRAÇÃO aPRODUTIVIDADE aTRANSFERÊNCIA DE TECNOLOGIA a202312bLúcia Elandec55dLúcia Elande 2AGRISn0cMS c297993d297993 002AGRIS40708Acervo Gerala41918b41918cAGROBASEl0oE16 BR2015002848pE16 BR2015002848r2023-12-18yMSePortaria Interministerial nº 164/94